000 00859nam a2200253 i 4500
001 bg
003 BPK
005 20191129112817.0
008 990101s1995 uk a f 001 0 eng d
020 _a0194371891 (pbk)
040 _cBPK
100 1 _aEllis, Rod.
245 1 4 _aThe Study of Second Language Acquisition /
_cRod Ellis.
250 _a[2nd impr.].
260 _aOxford :
_bOxford University Press,
_c1995.
300 _aVII, [1], 824 s. :
_bil. ;
_c24 cm.
500 _a1st published in 1994.
504 _aBibliography s. 730-791. Indeks.
650 9 _aLanguage and languages
_xStudy and teaching
650 9 _aLanguage acquisition
710 2 _aOxford University Press
_4pbl.
942 _cKS
_2UKD
856 _uhttp://koha.tu.koszalin.pl/cgi-bin/koha/opac-detail.pl?biblionumber=48188
_yKatalog online BPK
999 _c48188
_d48188